[Event "Ribeirao Preto RECRA 2nd A"]
[Site "Ribeirao Preto"]
[Date "2010.10.28"]
[Round "9.4"]
[White "Alves Brandao, Evandro"]
[Black "Shiroma, Silvio Haruo"]
[Result "0-1"]
[WhiteElo "2028"]
[BlackElo "2182"]
[PlyCount "94"]
[EventDate "2010.10.15"]
[EventType "tourn"]
[EventRounds "9"]
[EventCountry "BRA"]
[SourceTitle "EXT 2022"]
[Source "ChessBase"]
[SourceDate "2021.10.06"]
[SourceVersion "1"]
[SourceVersionDate "2021.10.06"]
[SourceQuality "1"]

1. e4 e5 2. Bc4 Bc5 3. Nf3 Nc6 4. c3 Nf6 5. 0-0 Nxe4 6. d4 d5 7. dxc5 dxc4 8. Qa4 Qd5 9. Be3 Bd7 10. Na3 Nxc5 11. Qxc4 Qxc4 12. Nxc4 Nd3 13. b4 Be6 14. Nfd2 0-0 15. b5 Ne7 16. Na5 b6 17. Nc6 Nxc6 18. bxc6 Rad8 19. a4 a5 20. Rfd1 Nb2 21. Rdb1 Nc4 22. Nxc4 Bxc4 23. f4 Rd3 24. Re1 f6 25. fxe5 fxe5 26. Bf2 Rd2 27. Be3 Rd6 28. Bg5 Rf5 29. Be7 Rxc6 30. Rad1 h5 31. h3 Bb3 32. Rd8+ Kh7 33. Re3 Rc4 34. Rc8 e4 35. Kh2 Bxa4 36. Bd6 Rf7 37. Be5 h4 38. Bd4 Bc6 39. Be5 Bd5 40. Rd8 Be6 41. Bd4 Bf5 42. g3 hxg3+ 43. Rxg3 Ra4 44. Rg5 Ra2+ 45. Kg3 Be6 46. Rb5 Rf3+ 47. Kh4 Rg2 0-1

[Event "Ribeirao Preto RECRA 2nd A"]
[Site "Ribeirao Preto"]
[Date "2010.10.18"]
[Round "2.3"]
[White "Alves Brandao, Evandro"]
[Black "Supi, Luis Paulo"]
[Result "0-1"]
[WhiteElo "2028"]
[BlackElo "2150"]
[PlyCount "92"]
[EventDate "2010.10.15"]
[EventType "tourn"]
[EventRounds "9"]
[EventCountry "BRA"]
[SourceTitle "EXT 2022"]
[Source "ChessBase"]
[SourceDate "2021.10.06"]
[SourceVersion "1"]
[SourceVersionDate "2021.10.06"]
[SourceQuality "1"]

1. e4 c5 2. Nf3 Nc6 3. d4 cxd4 4. Nxd4 Nf6 5. Nc3 e5 6. Ndb5 d6 7. Bg5 a6 8. Na3 b5 9. Nd5 Be7 10. Bxf6 Bxf6 11. c3 Bg5 12. Nc2 Ne7 13. h4 Bh6 14. a4 bxa4 15. Ncb4 0-0 16. Rxa4 a5 17. Bc4 Bd7 18. Nxe7+ Qxe7 19. Nd5 Qd8 20. Ra2 Kh8 21. g4 Bf4 22. b3 Bc6 23. Qd3 Rb8 24. g5 Bxd5 25. Qxd5 Ra8 26. Ra4 f6 27. g6 hxg6 28. h5 gxh5 29. Rxh5+ Bh6 30. Qd2 Qd7 31. f3 f5 32. Bd5 Rad8 33. Rxa5 fxe4 34. Bxe4 Rf4 35. Qh2 Qe6 36. Rd5 Ra8 37. Rd1 Raf8 38. c4 Qf6 39. Qg2 Rb8 40. Ra1 Qf7 41. Qh3 Qf6 42. Ke2 Rf8 43. Qg2 Qf7 44. Bg6 Qb7 45. Rah1 Qxf3+ 46. Qxf3 Rxf3 0-1

[Event "Santos op"]
[Site "Santos"]
[Date "2009.06.28"]
[Round "5"]
[White "Alves Brandao, Evandro"]
[Black "Amorim Barbosa, Evandro"]
[Result "0-1"]
[WhiteElo "2051"]
[BlackElo "2254"]
[PlyCount "86"]
[EventDate "2009.06.26"]
[EventType "swiss"]
[EventRounds "6"]
[EventCountry "BRA"]
[SourceTitle "EXT 2012"]
[Source "ChessBase"]
[SourceDate "2011.11.24"]
[SourceVersion "1"]
[SourceVersionDate "2011.11.24"]
[SourceQuality "1"]

1. e4 c5 2. c4 Nc6 3. g3 g6 4. Bg2 Bg7 5. Ne2 d6 6. 0-0 Nf6 7. Nbc3 0-0 8. d3 Ne8 9. Be3 Nc7 10. Qd2 Ne6 11. Rab1 Ned4 12. Bxd4 Nxd4 13. h3 Bxh3 14. Nxd4 Bxg2 15. Kxg2 Bxd4 16. Rh1 Bg7 17. Rh2 Qd7 18. Rbh1 h5 19. Nd5 e6 20. Ne3 f5 21. exf5 exf5 22. Nd5 Be5 23. Rh4 Qg7 24. b4 b6 25. b5 Rae8 26. a4 Bf6 27. R4h2 Re5 28. a5 Bd8 29. axb6 axb6 30. Re1 Rfe8 31. Rhh1 Kf7 32. Ra1 Kg8 33. Ra6 h4 34. gxh4 Re2 35. Qc3 Qh6 36. Ra7 g5 37. Rg1 g4 38. Rh1 f4 39. Rd7 g3 40. Rf1 Rxf2+ 41. Rxf2 gxf2 42. Nxf4 f1Q+ 43. Kxf1 Qxf4+ 0-1

[Event "Santos op"]
[Site "Santos"]
[Date "2009.06.27"]
[Round "3"]
[White "Alves Brandao, Evandro"]
[Black "Moreira, Altair Carlos Faria"]
[Result "1-0"]
[WhiteElo "2051"]
[BlackElo "1792"]
[PlyCount "65"]
[EventDate "2009.06.26"]
[EventType "swiss"]
[EventRounds "6"]
[EventCountry "BRA"]
[SourceTitle "EXT 2012"]
[Source "ChessBase"]
[SourceDate "2011.11.24"]
[SourceVersion "1"]
[SourceVersionDate "2011.11.24"]
[SourceQuality "1"]

1. e4 e6 2. d4 d5 3. Nd2 Nc6 4. Ngf3 Nf6 5. e5 Nd7 6. c3 f6 7. Bd3 f5 8. Nb3 h6 9. h4 b6 10. g4 Bb7 11. gxf5 Qe7 12. Ng5 hxg5 13. f6 gxf6 14. Bg6+ Kd8 15. exf6 Nxf6 16. Bxg5 Bh6 17. Qf3 Bxg5 18. hxg5 Rxh1+ 19. Qxh1 Ne8 20. f4 Ng7 21. 0-0-0 Kd7 22. Nd2 Rf8 23. Rf1 Nf5 24. Bxf5 Rxf5 25. Qh6 Qf8 26. Qh7+ Qf7 27. Qh2 Ne7 28. Rf3 Ng6 29. Rh3 Kd6 30. Rh7 Qf8 31. c4 Rf7 32. f5+ e5 33. Rxf7 1-0